La enseñanza de la tecnología en la ESO /

Guía de apoyo para la puesta en marcha y/e impartición del área de tecnología, en el marco de la educación secundaria obligatoria (ESO) en España.

Na minha lista:
Detalhes bibliográficos
Autor principal: Font Agustí, Jordi (autor)
Formato: Livro
Idioma:espanhol
Publicado em: Barcelona, España : Vich, España : Octaedro ; Eumo, 1996, c1996
Colecção:(Recursos Octaedro ; 16)
Assuntos:
Tags: Adicionar Tag
Sem tags, seja o primeiro a adicionar uma tag!

MARC

LEADER 00000nam^a2200000^a^4500
001 000131954
005 20250521000000.0
009 20260310095040.826
020 |a 84-8063-231-3 
037 |a Acervo ITESO - Biblioteca 
041 |a ESP 
082 |a 607. 46  |b FON 
100 |a Font Agustí, Jordi  |e (autor) 
245 1 3 |a La enseñanza de la tecnología en la ESO /  |c J. Font Agustí. 
264 4 |a Barcelona, España :  |b Octaedro ;  |a Vich, España :  |b Eumo,  |c 1996, c1996 
300 |a 125 p. 
336 |a texto  |b txt  |2 rdacontenido 
337 |a sin mediación  |b n  |2 rdamedio 
338 |a volumen  |b nc  |2 rdasoporte 
440 1 |a (Recursos Octaedro ;  |v 16) 
520 |a Guía de apoyo para la puesta en marcha y/e impartición del área de tecnología, en el marco de la educación secundaria obligatoria (ESO) en España. 
649 |a XX 
650 |a Tecnología Educativa 
650 |a Tecnología y Sociedad 
650 |a Metodología Educativa 
650 |a Currículo 
650 |a Talleres Educativos 
650 |a Apoyos Didácticos 
650 |a Proceso Educativo 
650 |a Perfil Profesional del Profesor 
650 |a Formación y Capacitación de Profesores 
650 |a Educación Técnica 
650 |a Educación Media Básica -  |z España 
650 |a Educación Media Básica -  |z Europa 
650 |a Sociología de la Educación 
910 |a Fondo General 
920 |a Impresos - Libros 
930 |a Colección General 
905 |a 101 
901 |a 0500061204  |b IT1  |c ACC  |u 20250521 
902 |a https://opac.biblio.iteso.mx/vufind/Record/000131954